<?xml version="1.0" encoding="UTF-8"?>
<record
    xmlns:xsi="http://www.w3.org/2001/XMLSchema-instance"
    xsi:schemaLocation="http://www.loc.gov/MARC21/slim http://www.loc.gov/standards/marcxml/schema/MARC21slim.xsd"
    xmlns="http://www.loc.gov/MARC21/slim">

  <leader>00716nam a22002417a 4500</leader>
  <controlfield tag="003">DO-SdBNP</controlfield>
  <controlfield tag="005">20180222141222.0</controlfield>
  <controlfield tag="008">160718  1990  ck   a     spa d</controlfield>
  <datafield tag="020" ind1=" " ind2=" ">
    <subfield code="a">9580413169 (col.)</subfield>
  </datafield>
  <datafield tag="020" ind1=" " ind2=" ">
    <subfield code="a">9580412936 (la fiesta del mar)</subfield>
  </datafield>
  <datafield tag="040" ind1=" " ind2=" ">
    <subfield code="a">BPMSU</subfield>
    <subfield code="b">spa</subfield>
    <subfield code="c">BPMSU</subfield>
  </datafield>
  <datafield tag="082" ind1=" " ind2="4">
    <subfield code="a">xxxx</subfield>
    <subfield code="b">xxxx</subfield>
  </datafield>
  <datafield tag="100" ind1="1" ind2=" ">
    <subfield code="a">Ballaz, J.</subfield>
  </datafield>
  <datafield tag="245" ind1="1" ind2="3">
    <subfield code="a">La fiesta del mar /</subfield>
    <subfield code="b">la amistad</subfield>
    <subfield code="c">J. Ballaz, A. Amor&#xF3;s ; ilustraciones H. Elena</subfield>
  </datafield>
  <datafield tag="260" ind1=" " ind2=" ">
    <subfield code="a">Colombia : </subfield>
    <subfield code="b">Norma,</subfield>
    <subfield code="c">1990.</subfield>
  </datafield>
  <datafield tag="300" ind1=" " ind2=" ">
    <subfield code="a">[26] p. :</subfield>
    <subfield code="b">il. ;</subfield>
    <subfield code="c">22 cm. </subfield>
  </datafield>
  <datafield tag="490" ind1="0" ind2=" ">
    <subfield code="a">Las experiencias del ni&#xF1;o </subfield>
  </datafield>
  <datafield tag="700" ind1="1" ind2="2">
    <subfield code="a">Elena, H.</subfield>
    <subfield code="e">il.</subfield>
  </datafield>
  <datafield tag="830" ind1=" " ind2="0">
    <subfield code="a">Las experiencias del ni&#xF1;o</subfield>
  </datafield>
  <datafield tag="942" ind1=" " ind2=" ">
    <subfield code="2">ddc</subfield>
    <subfield code="c">BK</subfield>
  </datafield>
  <datafield tag="945" ind1=" " ind2=" ">
    <subfield code="a">Inventariado, 2018/ YL</subfield>
  </datafield>
  <datafield tag="952" ind1=" " ind2=" ">
    <subfield code="0">0</subfield>
    <subfield code="1">0</subfield>
    <subfield code="2">ddc</subfield>
    <subfield code="4">0</subfield>
    <subfield code="7">0</subfield>
    <subfield code="8">CI-G</subfield>
    <subfield code="a">BPMET</subfield>
    <subfield code="b">BPMET</subfield>
    <subfield code="d">2017-01-17</subfield>
    <subfield code="e">Donado por la Agencia Internacional del Jap&#xF3;n</subfield>
    <subfield code="l">0</subfield>
    <subfield code="o">xxxx xxxx</subfield>
    <subfield code="p">BPMSU17010707</subfield>
    <subfield code="r">2017-01-17</subfield>
    <subfield code="w">2017-01-17</subfield>
    <subfield code="y">BK</subfield>
  </datafield>
  <datafield tag="956" ind1=" " ind2=" ">
    <subfield code="a">YLOCKWARD</subfield>
    <subfield code="b">10</subfield>
    <subfield code="c">BPMSU</subfield>
  </datafield>
  <datafield tag="999" ind1=" " ind2=" ">
    <subfield code="c">12496</subfield>
    <subfield code="d">12496</subfield>
  </datafield>
</record>
